000 00231nam a2200097Ia 4500
005 20251222153602.0
008 251222s9999||||xx |||||||||||||| ||spa||
082 _a465/R31
245 0 _aGramática de la lengua española
942 _cLIB
999 _c31259
_d31259